LDR 00892nam a2200217 4500 001 000000366948 003 CaOOAMICUS 005 20260320105522.0 008 260320s1908 it 000 u ita r 040 $aSeMil$bita 100 1 $aSterlocchi, Lorenzo.$0(OLS)http://semarc/name/67634 245 10$aVita di Caterina Guanella /$csac. Lorenzo Sterlocchi. 250 $aTerza edizione riveduta ed aumentata 264 1$aComo :$bScuola Tipografica Divina Provvidenza,$c1908. 300 $a148 p. ;$c20 cm 650 4$aGuanella, Caterina.$0(OLS)http://semarc/subject/59822 850 $aSeMil 852 $aSeMil$W1$xVenegono$y1$m5C IX 2/4$j268739$B257688$CSeMilBibl$Z2$F257688 $8M 996 $6245$aVita di Caterina Guanella$9(OLS)http://semarc/title/458754 996 $6264$aComo :$bScuola Tipografica Divina Provvidenza$9(OLS)http://semarc/publisher/49657